Ingrédients des Cookies - Statistiques

Statistiques générales
  • Ce quiz a été pris 406 fois
  • Le résultat moyen est 5 sur 6
Statistiques - réponses
Ingrédients % Correct
Farine
99%
Pépites de chocolat
97%
Sucre
94%
Beurre
85%
Levure
85%
Oeufs
80%
Aucun quiz correspondant
Distribution des résultats
% des personnes avec chaque résultat
Percentile par nombre de réponses
Votre historique - résultats
Vous n’avez pas pris ce quiz